[Event "Lueneburg distr-ch Seniors"]
[Site "Tostedt"]
[Date "2015.10.25"]
[Round "7.4"]
[White "Schallueck, Hans Christian"]
[Black "Tietze, Peter"]
[Result "1-0"]
[WhiteElo "1576"]
[BlackElo "970"]
[PlyCount "111"]
[EventDate "2015.10.19"]
[EventType "swiss"]
[EventRounds "7"]
[EventCountry "GER"]
[SourceTitle "EXT 2019"]
[Source "ChessBase"]
[SourceDate "2018.10.10"]
[SourceVersion "1"]
[SourceVersionDate "2018.10.10"]
[SourceQuality "1"]

1. e4 d5 2. exd5 Qxd5 3. Nc3 Qa5 4. d4 c6 5. Bc4 e6 6. Bd2 Qd8 7. Nge2 Nf6 8. 0-0 Be7 9. Re1 0-0 10. a3 Nbd7 11. Bg5 Ne8 12. Bxe7 Qxe7 13. Ng3 Nb6 14. Ba2 Qd8 15. Nce2 Nd6 16. c3 Kh8 17. Qc2 f5 18. Nf4 Qh4 19. Nxe6 Bxe6 20. Rxe6 Rad8 21. f3 f4 22. Nf1 Nbc4 23. Bxc4 Nxc4 24. Qe2 Nd6 25. Qf2 Qg5 26. Rae1 Nc4 27. b3 Nd6 28. R1e5 Nf5 29. g3 fxg3 30. hxg3 Qc1 31. Qe1 Qxe1 32. Rxe1 h6 33. Kg2 Kh7 34. Ne3 Nd6 35. a4 Nf7 36. Re7 Rb8 37. f4 Nd6 38. Re6 Rbd8 39. Ng4 Rfe8 40. Re7 Rxe7 41. Rxe7 Kh8 42. Ne5 Kg8 43. Kf3 a5 44. g4 Kf8 45. Re6 Kg8 46. f5 Nf7 47. Nxf7 Kxf7 48. Ke4 Re8 49. Rxe8 Kxe8 50. Ke5 Ke7 51. c4 b6 52. d5 cxd5 53. cxd5 Kd7 54. d6 Ke8 55. Ke6 Kd8 56. d7 1-0

[Event "Lueneburg distr-ch Seniors"]
[Site "Tostedt"]
[Date "2015.10.24"]
[Round "6.4"]
[White "Gorbatschow, Anatolij"]
[Black "Tietze, Peter"]
[Result "1-0"]
[WhiteElo "1322"]
[BlackElo "970"]
[PlyCount "49"]
[EventDate "2015.10.19"]
[EventType "swiss"]
[EventRounds "7"]
[EventCountry "GER"]
[SourceTitle "EXT 2019"]
[Source "ChessBase"]
[SourceDate "2018.10.10"]
[SourceVersion "1"]
[SourceVersionDate "2018.10.10"]
[SourceQuality "1"]

1. d4 e6 2. c4 d6 3. Nf3 Be7 4. Bf4 Nf6 5. Nc3 0-0 6. h3 c6 7. a3 Nbd7 8. e3 d5 9. Bd3 c5 10. cxd5 exd5 11. 0-0 c4 12. Bc2 a6 13. Qb1 g6 14. Bh6 Re8 15. e4 Kh8 16. e5 Ne4 17. Nxd5 f5 18. Nxe7 Qxe7 19. Bxe4 fxe4 20. Qxe4 Qe6 21. d5 Qg8 22. Qd4 Nf6 23. exf6 Qf7 24. Ne5 Qc7 25. f7 1-0